Μισθολογικές διαφορές ανδρών και γυναικών στην Κύπρο, Ελλάδα και Ευρωπαϊκή Ένωση : πτυχιακή εργασία

Αποθηκεύτηκε σε:
Λεπτομέρειες βιβλιογραφικής εγγραφής
Κύριος συγγραφέας: Μουττωτού, Βαλεντίνα
Συγγραφή απο Οργανισμό/Αρχή: Πανεπιστήμιο Αιγαίου Σχολή Επιστημών της Διοίκησης Τμήμα Διοίκησης Επιχειρήσεων - Τ.Δ.Ε
Άλλοι συγγραφείς: Γάκη, Ελένη Λ. (Εισηγητής διατριβής)
Μορφή: Thesis Βιβλίο
Γλώσσα:Greek
Δημοσίευση: 2012
Θέματα:
Διαθέσιμο Online:http://hdl.handle.net/11610/6581
Ετικέτες: Προσθήκη ετικέτας
Δεν υπάρχουν, Καταχωρήστε ετικέτα πρώτοι!

MARC

LEADER 00000cam a2200000 i 4500
001 1/43339
008 140227s2012 gre d
035 |l 10116917 
040 |a GR-MY-UA  |b gre  |e aacr 
041 0 |a gre 
082 0 |a 331.2153  |2 (23) 
100 1 |a Μουττωτού, Βαλεντίνα. 
245 1 0 |a Μισθολογικές διαφορές ανδρών και γυναικών στην Κύπρο, Ελλάδα και Ευρωπαϊκή Ένωση :  |b πτυχιακή εργασία /  |c Βαλεντίνα Μουττωτού ; επιβλέπουσα καθηγήτρια Ελένη Γάκη 
260 |c 2012 
300 |a 61 εκ.;  |b διαγρ., πίν.;  |c 30 εκ. 
502 # # |a Πτυχιακή εργασία – Πανεπιστήμιο Αιγαίου, Χίος, 2012. 
650 0 0 |a Wage differentials  |z Greece. 
650 0 0 |a Wage differentials  |z Cyprus. 
650 0 0 |a Pay equity. 
650 0 0 |a Sex discrimination in employment. 
650 0 0 |a Wage payment systems. 
650 0 0 |a Dissertations, Academic  |z Greece. 
700 1 |4 ths  |a Γάκη, Ελένη Λ. 
710 1 |a Πανεπιστήμιο Αιγαίου  |b Σχολή Επιστημών της Διοίκησης  |b Τμήμα Διοίκησης Επιχειρήσεων - Τ.Δ.Ε. 
852 |a INST  |b CHIOS  |c DIATR  |e 20140227  |h 331.2153 ΜΟΥ  |p 005200034967  |q 005200034967  |t DIE  |y 23 
852 |a INST  |b CHIOS  |c DIATR  |e 20140227  |h 331.2153 ΜΟΥ  |p 005200034968  |q 005200034968  |t DIE  |y 23 
856 |u http://hdl.handle.net/11610/6581 
901 |a BIBL2-2014-1 
909 |a Χ  |b 175998 
909 |a Χ  |b 175999 
924 |a ΜΟΥΤΤΩΤΟΥ  |b ΒΑΛΕΝΤΙΝΑ  |y ΧΙΟΣ  |z 2013-03 
970 |a ΣΠΕΝΤΖΑ  |b ΕΛΕΝΗ  |z 2014/02/27